Normal view
MARC view
Entry Personal Name
001 - CONTROL NUMBER
- control field: 77351
003 - CONTROL NUMBER IDENTIFIER
- control field: dpl
005 - DATE AND TIME OF LATEST TRANSACTION
- control field: 20250203161630.0
008 - FIXED-LENGTH DATA ELEMENTS
- fixed length control field: 250203|| aca||aabn | a|a d
040 ## - CATALOGING SOURCE
- Original cataloging agency: dpl
- Transcribing agency: dpl
100 ## - HEADING--PERSONAL NAME
- Personal name: जाड़िया, दयानन्द
670 ## - SOURCE DATA FOUND
- Source citation: Work cat.: (dpl)208928: जाड़िया, दयानन्द, ऋत्म्भरा /, 2023
